LIBRARY & INFORMATION CENTRE, KCAET, TAVANUR

ONLINE PUBLIC ACCESS CATALOGUE (OPAC)

Applied Thermodynamics of Fluids (Record no. 14485)

MARC details
000 -LEADER
fixed length control field 00320nam a22001337a 4500
020 ## - INTERNATIONAL STANDARD BOOK NUMBER
ISBN 9781847558060
082 ## - DEWEY DECIMAL CLASSIFICATION NUMBER
Classification number 621.4021
Item number GOO/AP
245 ## - TITLE STATEMENT
Title Applied Thermodynamics of Fluids
260 ## - PUBLICATION, DISTRIBUTION, ETC. (IMPRINT)
Place of publication Cambridge
Name of publisher RSC Publishing
Year of publication 2010
300 ## - PHYSICAL DESCRIPTION
Number of Pages 509
700 ## - ADDED ENTRY--PERSONAL NAME
Personal name Goodwin,A.R.H
700 ## - ADDED ENTRY--PERSONAL NAME
Personal name Sengers,.
942 ## - ADDED ENTRY ELEMENTS (KOHA)
Koha item type Books

No items available.

free website counter